MLB City Connect Hats - Statistics

General Stats
  • This quiz has been taken 36 times
  • The average score is 25 of 28
Answer Stats
Picture Answer % Correct
Boston Red Sox
96%
Chicago White Sox
96%
Los Angeles Angels
96%
Los Angeles Dodgers
96%
San Francisco Giants
96%
Atlanta Braves
92%
Chicago Cubs
92%
Cincinnati Reds
92%
Colorado Rockies
92%
Kansas City Royals
92%
Miami Marlins
92%
New York Mets
92%
Pittsburgh Pirates
92%
San Diego Padres
92%
St. Louis Cardinals
92%
Toronto Blue Jays
92%
Cleveland Guardians
88%
Detroit Tigers
88%
Milwaukee Brewers
88%
Philadelphia Phillies
88%
Tampa Bay Rays
88%
Texas Rangers
88%
Arizona Diamondbacks
83%
Houston Astros
83%
Seattle Mariners
83%
Washington Nationals
83%
Baltimore Orioles
79%
Minnesota Twins
79%
No matching quizzes found
Score Distribution
Percent of People with Each Score
Percentile by Number Answered
Your Score History
You have not taken this quiz